Eastern Utah Libraries Catalog: Duchesne, Heber, Roosevelt, & Vernal

The boy in the suitcase / (Record no. 80940)

MARC details
000 -LEADER
fixed length control field 01428nam a22003858a 4500
001 - CONTROL NUMBER
control field BK0009606123
003 - CONTROL NUMBER IDENTIFIER
control field DLC
005 - DATE AND TIME OF LATEST TRANSACTION
control field 20241220131607.0
008 - FIXED-LENGTH DATA ELEMENTS--GENERAL INFORMATION
fixed length control field 110607s2011 nyu 000 1 eng
010 ## - LIBRARY OF CONGRESS CONTROL NUMBER
LC control number 2011021980
020 ## - INTERNATIONAL STANDARD BOOK NUMBER
International Standard Book Number 9781569479810 : HRD
Terms of availability $24.00
020 ## - INTERNATIONAL STANDARD BOOK NUMBER
International Standard Book Number 156947981X : HRD
Terms of availability $24.00
037 ## - SOURCE OF ACQUISITION
Source of stock number/acquisition Random House Inc, Attn Order Entry 400 Hahn rd, Westminster, MD, USA, 21157
Note SAN 201-3975
040 ## - CATALOGING SOURCE
Original cataloging agency DLC
Transcribing agency DLC
Description conventions rda
041 1# - LANGUAGE CODE
Language code of text/sound track or separate title eng
Language code of original and/or intermediate translations of text dan
050 00 - LIBRARY OF CONGRESS CALL NUMBER
Classification number PT8177.21.A24
Item number D7413 2011
082 00 - DEWEY DECIMAL CLASSIFICATION NUMBER
Classification number 839.81/38
Edition number 23
092 ## - LOCALLY ASSIGNED DEWEY CALL NUMBER (OCLC)
Classification number 839.8138
092 ## - LOCALLY ASSIGNED DEWEY CALL NUMBER (OCLC)
Classification number Kaaberbøl
100 1# - MAIN ENTRY--PERSONAL NAME
Personal name Kaaberbøl, Lene.
9 (RLIN) 5899877
240 10 - UNIFORM TITLE
Uniform title <a href="Drengen i kufferten.">Drengen i kufferten.</a>
Language of a work English
245 14 - TITLE STATEMENT
Title The boy in the suitcase /
Remainder of title A Nina Borg Mystery Set in Denmark
Statement of responsibility, etc Lene Kaaberbøl and Agnete Friis ; translated from the Danish by Lene Kaaberbøl.
260 ## - PUBLICATION, DISTRIBUTION, ETC. (IMPRINT)
Place of publication, distribution, etc New York :
Name of publisher, distributor, etc Soho Crime,
Date of publication, distribution, etc c2011.
263 ## - PROJECTED PUBLICATION DATE
Projected publication date 1110
264 ## - Production, Publication, Distribution, Manufacture, and Copyright Notice.
Place of production, publication, distribution, manufacture New York, NY :
Name of producer, publisher, distributor, manufacturer Soho Crime,
Date of production, publication, distribution, manufacture, or copyr 2011
300 ## - PHYSICAL DESCRIPTION
Extent p. cm.
336 ## - Content Type
Content type term text
337 ## - Media type
Media type term unmediated
338 ## - Carrier type
Carrier type term volume
520 ## - SUMMARY, ETC.
Summary, etc Red Cross nurse Nina Borg is drawn into Copenhagen's brutal underworld when she becomes the unwitting caretaker of a three-year-old boy who may be a victim of child trafficking.
650 #0 - SUBJECT ADDED ENTRY--TOPICAL TERM
Topical term or geographic name as entry element Crime
Form subdivision Fiction.
9 (RLIN) 5691365
651 #0 - SUBJECT ADDED ENTRY--GEOGRAPHIC NAME
Geographic name Denmark
Form subdivision Fiction.
9 (RLIN) 6378219
700 1# - ADDED ENTRY--PERSONAL NAME
Personal name Friis, Agnete.
9 (RLIN) 5899882
942 ## - ADDED ENTRY ELEMENTS (KOHA)
Koha item type BOOK
Source of classification or shelving scheme Dewey Decimal Classification
Holdings
Withdrawn status Lost status Source of classification or shelving scheme Damaged status Not for loan Collection code Home library Current library Shelving location Date acquired Source of acquisition Cost, normal purchase price Total Checkouts Total Renewals Full call number Barcode Date last seen Date checked out Cost, replacement price Price effective from Koha item type
    Dewey Decimal Classification     Fiction Wasatch County Library Wasatch County Library First Floor 08/17/2017 Donation 9.99 5 4 F Kaaberbøl 34301001528787 02/29/2024 10/24/2022 9.99 03/20/2020 BOOK
This project was made possible through a grant from the Institute of Museum and Library Service administered by the Utah State Library Division.

Wasatch County Library

  • 465 East 1200 South, Heber City, Utah 84032
  • Phone 435-654-1511 | Fax 435-654-6456

Hours

  • Monday - Friday 9:30 AM - 8:00 PM
  • Saturday 9:30 AM - 1:30 PM
  • Closed Sundays and Holidays